| 000 | 00755cam a2200217 4500 | ||
|---|---|---|---|
| 001 | ABS64338 | ||
| 008 | 010911n2001 000 0 eng u | ||
| 035 | _a(Sirsi) u114517 | ||
| 100 | _aSaunders, P | ||
| 245 | _aAll change for partnerships? | ||
| 260 | _c2001 | ||
| 490 |
_aAccountancy _v128(1298) September 2001, 118-119(2) |
||
| 520 | _aStudies the changes and issues addressed in the draft Statement of Recommended Practice for limited liability partnerships and how it will affect their accountancy practices. | ||
| 590 | _aABS | ||
| 650 | _aLIMITED LIABILITY PARTNERSHIPS | ||
| 650 | _aACCOUNTANCY PRACTICES | ||
| 650 | _aBUSINESS PARTNERSHIPS | ||
| 650 | _aPROFESSIONAL FIRMS | ||
| 690 | _aMANAGEMENT-BUSINESS MANAGEMENT | ||
| 942 | _n0 | ||
| 999 |
_c68225 _d68225 |
||